Oxford Russian-English dictionary (Record no. 17679)

MARC details
000 -LEADER
fixed length control field 00389nam a2200145Ia 4500
082 ## - DEWEY DECIMAL CLASSIFICATION NUMBER
Classification number RR 491.7321 WHE-;
100 ## - MAIN ENTRY--AUTHOR NAME
Personal name Wheeler, Marcus
245 #0 - TITLE STATEMENT
Title Oxford Russian-English dictionary
260 ## - PUBLICATION, DISTRIBUTION, ETC. (IMPRINT)
Place of publication Oxford
Name of publisher Clarendon Press
Year of publication 1972
300 ## - PHYSICAL DESCRIPTION
Number of Pages xii,918p.
650 ## - SUBJECT ADDED ENTRY--TOPICAL TERM
Topical Term English language - Dictionaries
650 ## - SUBJECT ADDED ENTRY--TOPICAL TERM
Topical Term Russian language - Dictionaries
700 ## - ADDED ENTRY--PERSONAL NAME
Personal name Unbegaun, B.O.
942 ## - ADDED ENTRY ELEMENTS (KOHA)
Koha item type Books
Holdings
Withdrawn status Lost status Damaged status Not for loan Home library Current library Date acquired Full call number Accession Number Price effective from Koha item type
        NASSDOC Library NASSDOC Library 08/06/2004 RR 491.7321 WHE-; 4564 18/04/2019 Books